Catálogo
 En Linea

Leyendas chilenas / (Registro nro. 11750)

Detalles MARC
000 -CABECERA
campo de control de longitud fija 00977cam a2200181 a 4500
001 - NÚMERO DE CONTROL
campo de control 000012084
005 - FECHA Y HORA DE LA ÚLTIMA TRANSACCIÓN
campo de control 20200929162704.0
008 - DATOS DE LONGITUD FIJA--INFORMACIÓN GENERAL
campo de control de longitud fija 830104s1986 cl af 001 0 spa
040 ## - FUENTE DE LA CATALOGACIÓN
Centro catalogador/agencia de origen DO-SdBNP
Lengua de catalogación spa
Centro/agencia transcriptor BNPHU
082 ## - NÚMERO DE LA CLASIFICACIÓN DECIMAL DEWEY
Número de clasificación 398.20983
Número de documento/Ítem L683c
245 00 - MENCIÓN DE TÍTULO
Título Leyendas chilenas /
Mención de responsabilidad, etc. recopilación de Fernando Emmerich.
260 ## - PUBLICACIÓN, DISTRIBUCIÓN, ETC.
Lugar de publicación, distribución, etc. Santiago, (Chile) :
Nombre del editor, distribuidor, etc. Andrés Bello,
Fecha de publicación, distribución, etc. 1986.
300 ## - DESCRIPCIÓN FÍSICA
Extensión 77 :
Otras características físicas il. ;
Dimensiones 16 cm.
505 0# - NOTA DE CONTENIDO CON FORMATO
Nota de contenido con formato El Derrotero del gringo loco / Antonio Landauro - La Tirana del Tamarugal / Fernando Emmerich - Juan Soldado / Antonio Landauro -- El hombre-pájaro / Michel Rougié -- La Laguna del Inca / Tulio Espinosa -- Las Tres Pascualas / Antonio Landauro -- Lican Ray / Carlos Ducci Claro -- Licarayen / Antonio Landauro -- La Pincoya / Vicente Mengod -- El Caleuche / Carlos Ducci Claro -- El arquero del bosque / Enrique Campos Menéndez.
650 #4 - PUNTO DE ACCESO ADICIONAL DE MATERIA--TÉRMINO DE MATERIA
Término de materia o nombre geográfico como elemento de entrada Leyendas chilenas
9 (RLIN) 28538
650 #4 - PUNTO DE ACCESO ADICIONAL DE MATERIA--TÉRMINO DE MATERIA
Término de materia o nombre geográfico como elemento de entrada Literatura chilena
9 (RLIN) 3164
700 1# - PUNTO DE ACCESO ADICIONAL--NOMBRE DE PERSONA
Nombre de persona Emmerich, Fernando,
Fechas asociadas al nombre 1932-
9 (RLIN) 28539
Existencias
Estado de retiro Estado de pérdida Restricciones de uso No para préstamo Código de colección Localización permanente Ubicación/localización actual Ubicación en estantería Fecha de adquisición Número de inventario Total de préstamos Signatura topográfica completa Código de barras Fecha visto por última vez Precio válido a partir de Tipo de ítem Koha
    Préstamo interno   Monografías: Libros y Folletos General General En catalogación 04.11.2009 LF1   398.20983 L683c 12084-10 25.06.2020 25.06.2020 Préstamo interno

Con tecnología Koha